Villes traversées par l'autoroute A57 - Statistiques

Statistiques générales
  • Ce quiz a été pris 11 fois
  • Le résultat moyen est 4 sur 6
Statistiques - réponses
ville population kilomètre % Correct
Hyères 54 444 9
100%
Toulon 187 582 0
100%
La Garde 26 381 6
75%
Solliès-Pont 12 669 14
50%
Vidauban (A8) 13 225 52
50%
Cuers 13 515 20
25%
Aucun quiz correspondant
Distribution des résultats
% des personnes avec chaque résultat
Percentile par nombre de réponses
Votre historique - résultats
Vous n’avez pas pris ce quiz